000 00633nam a2200205Ii 4500
003 JO-AjNU
008 230605s9999||||xx |||||||||||||| ||und||
017 _a1988/1456
040 _aJO-AjNU
_bara
_erda
_cJO-AjNU
041 _aara
050 1 4 _aHD38.K4268.1988
100 3 _aخماس،فاروق احمد خماس,
_eauthor
_97772
245 0 0 _aالرقابة على اعمال الادارة
264 3 1 _aالموصل:جامعة الموصل،1988
300 _a132ص
336 _atext
_btxt
_2rdacontent
337 _aunmediated
_bn
_2rdamedia
338 _avolume
_bnc
_2rdacarrier
650 4 _aالادارة-رقابة
_97773
999 _aA449
_c4017
_d4017